Tình hình nhiễm virus gây hội chứng rối loạn sinh sản và hô hấp trên heo (PRRS) tại tỉnh Đồng Tháp : Luận văn Thạc sĩ Khoa học Nông nghiệp chuyên ngành Thú y

Đề tài này được thực hiện với mục đích xác định sự lưu hành của virus gây hội chứng rối loạn sinh sản hô hấp trên heo qua phương pháp điều tra cắt ngang phát hiện kháng thể bằng kỹ thuật ELISA, phát hiện virus từ các ổ dịch bằng kỹ thu...

Descripció completa

Guardat en:
Dades bibliogràfiques
Autor principal: Tô, Tấn Vạn Thắng
Format: Llibre
Idioma:Undetermined
Publicat: Cần Thơ Trường Đại học Cần Thơ 2011
Matèries:
Etiquetes: Afegir etiqueta
Sense etiquetes, Sigues el primer a etiquetar aquest registre!
Thư viện lưu trữ: Trung tâm Học liệu Trường Đại học Cần Thơ
LEADER 01508nam a2200229Ia 4500
001 CTU_170022
008 210402s9999 xx 000 0 und d
082 |a 636.4089 
082 |b Th116 
088 |a 60640101 
100 |a Tô, Tấn Vạn Thắng 
245 0 |a Tình hình nhiễm virus gây hội chứng rối loạn sinh sản và hô hấp trên heo (PRRS) tại tỉnh Đồng Tháp : 
245 0 |b Luận văn Thạc sĩ Khoa học Nông nghiệp chuyên ngành Thú y 
245 0 |c Tô Tấn Vạn Thắng ; Nguyễn Bá Thành, Hồ Thị Việt Thu (Hướng dẫn khoa học) 
260 |a Cần Thơ 
260 |b Trường Đại học Cần Thơ 
260 |c 2011 
520 |a Đề tài này được thực hiện với mục đích xác định sự lưu hành của virus gây hội chứng rối loạn sinh sản hô hấp trên heo qua phương pháp điều tra cắt ngang phát hiện kháng thể bằng kỹ thuật ELISA, phát hiện virus từ các ổ dịch bằng kỹ thuật RT-PCR, đồng thời phân tích các yếu tố nguy cơ liên quan đến bệnh bằng phương pháp điều tra và tính chỉ số chênh (OR- odd ratio) 
650 |a Heo,Swine,Thú y,Veterinary medicine 
650 |x Bệnh,Diseases 
904 |i H. Nhung, Trúc 
980 |a Trung tâm Học liệu Trường Đại học Cần Thơ